000
00272nam a22001217a 4500
003
SGT
082
_a
153.94
_b
GOI
100
_a
GOVT. OF INDIA
245
_a
THE GOLDEN LEAVES
260
_a
UTTRAKHAND
_b
FOREST RESEARCH INSTITUTE
_c
2016
300
_a
160
942
_2
ddc
_c
BK
999
_c
26721
_d
26721